Normal view
MARC view
Entry Personal Name
001 - CONTROL NUMBER
- control field: 163831
003 - CONTROL NUMBER IDENTIFIER
- control field: OSt
005 - DATE AND TIME OF LATEST TRANSACTION
- control field: 20220923215422.0
008 - FIXED-LENGTH DATA ELEMENTS
- fixed length control field: 220923|| aca||aabn | a|a d
040 ## - CATALOGING SOURCE
- Original cataloging agency: OSt
- Transcribing agency: OSt
100 ## - HEADING--PERSONAL NAME
- Personal name: नन्दकुमार, प्रेमा; बरनेत, अजित, अनु
670 ## - SOURCE DATA FOUND
- Source citation: Work cat.: (OSt)331952: नन्दकुमार, प्रेमा; बरनेत, अजित, अनु., भारती, 1991
